LEADER 01414nam2 2200361 i 450 001 UBO0257928 005 20231121125852.0 010 $a8815052429 020 $aIT$b96-11338 100 $a19961116d1996 ||||0itac50 ba 101 | $aita 102 $ait 181 1$6z01$ai $bxxxe 182 1$6z01$an 200 1 $a˜8: œFrancia, Italia e Spagna, 1900-1950$fRene Wellek 210 $aBologna$cIl mulino$d\1996! 215 $a506 p.$d22 cm 300 $aEd. italiana a cura di Agostino Lombardo 300 $aTrad. di Giovanni Luciani. 461 1$1001CFI0167189$12001 $aStoria della critica moderna$fRené Wellek$v8 606 $aCritica letteraria$xStoria$2FIR$3RMLC010599$9I 676 $a801.9509$9$v21 700 1$aWellek$b, René$3CFIV015682$4070$0384794 801 3$aIT$bIT-01$c19961116 850 $aIT-RM028 $aIT-RM0418 $aIT-FR0017 899 $aBiblioteca Universitaria Alessandrina$bRM028 899 $aBIBLIOTECA ACCADEMIA NAZ. DEI LINCEI E CORSINIANA$bRM0418 $4v. 8$eN 899 $aBiblioteca umanistica Giorgio Aprea$bFR0017 $eN 912 $aUBO0257928 950 2$aBiblioteca umanistica Giorgio Aprea$d 52MAG 13/716.8$e 52FLS0000220425 VMN RS $fA $h20150304$i20150304 977 $a 01$a 10$a 52 996 $aFrancia, Italia e Spagna 1900-1950$9857449 997 $aUNICAS